| 000 | 00732nam a22001577a 4500 | ||
|---|---|---|---|
| 003 | OSt | ||
| 005 | 20151006153034.0 | ||
| 008 | 151006b xxu||||| |||| 00| 0 eng d | ||
| 040 | _cRUA | ||
| 082 | _aAVM TEL 2006 B076 Or.1 | ||
| 100 |
_92193 _aTEL, SOPHAT. |
||
| 245 | _aThe effectiveness of using earthworm instead of fish meal on growth of quail at rua, ប្រសិទ្ធភាពនៃការប្រើប្រាសើជន្លេនជំនួសម្សៅត្រីលើការលូតលាស់របស់ក្រូចនៅសាកលវិទ្យាល័យភូមិន្ទកសិកម្ម | ||
| 260 |
_aPhnom Penh _bRUA _c2006 |
||
| 300 |
_a45p. _bill. _c29cm. |
||
| 942 |
_2ddc _cAVM |
||
| 999 |
_c2062 _d2062 |
||